| 000 | 00660nam a22002417a 4500 | ||
|---|---|---|---|
| 003 | LC | ||
| 005 | 20160301144149.0 | ||
| 008 | 130926t xxu||||| |||| 00| 0 eng d | ||
| 020 | _a0446365777 | ||
| 020 | _a0446516619 | ||
| 050 |
_aPS 3552.R746 _b.B882 1994 |
||
| 082 |
_aFIC _bB81e 1993 |
||
| 100 |
_aBrowne, Geralda _921783 |
||
| 245 |
_a18 mm blues / _cGeralda Browne |
||
| 260 |
_aNew York : _bWarner Books, _c1994. |
||
| 300 |
_a367 p. : _c17 cm. |
||
| 650 |
_aSuspense story. _921784 |
||
| 650 | _aPearl industry and trade -- Asia -- Fiction. | ||
| 650 | _aPearl industry and trade. | ||
| 650 | _aAsia. | ||
| 942 |
_2lcc _cBK |
||
| 999 |
_c12152 _d12152 |
||